Statistics for Největší města českých zemí v roce 1880

Click here to take the quiz!

General Stats

  • This quiz has been taken 96 times
  • The average score is 12 of 20

Answer Stats

Počet obyvatelMěsto% Correct
82 660Brno
100%
162 323Královské hlavní město
Praha
100%
13 448Moravská Ostrava
97%
38 883Plzeň
91%
28 090Liberec
88%
23 845České Budějovice
87%
20 176Olomouc
87%
22 378Jihlava
83%
16 524Ústí nad Labem
80%
20 562Opava
63%
14 085Kladno
59%
14 841Teplice
47%
17 148Cheb
39%
18 417Prostějov
33%
24 984Smíchov
25%
21 212Žižkov
25%
14 831Královské Vinohrady
23%
17 250Karlín
20%
15 162Warnsdorf
5%
14 243Sternberk
1%

Score Distribution

Percentile by Number Answered

Percent of People with Each Score

Your Score History

You have not taken this quiz